| 000 | 00918nam a22002417a 4500 | ||
|---|---|---|---|
| 008 | 240605b mp ||||| |||| 00| 0 mon d | ||
| 020 | _a978-99973-1-112-2 | ||
| 035 | _a25565 | ||
| 040 |
_aHE0623081 _bmon _cMN-UlNLM _dMN-UlNLM _erda |
||
| 041 | _amon | ||
| 042 | _a59405 | ||
| 084 |
_2NNA _a84(0)-44 _bА.645 |
||
| 100 | _aАнна Сьюэлл | ||
| 245 | 0 | _aХилэн хар | |
| 264 |
_aУБ. _bМонсудар хэвлэлийн газар _c2015 |
||
| 300 | _a335х. | ||
| 336 |
_2rdacontent _atext _btxt |
||
| 337 |
_2rdamedia _aunmediated _bn |
||
| 338 |
_2rdacarrier _avolume _bnc |
||
| 650 | _aБөртвикийн эдлэнд төрж өссөнөөс хойш сэтгэл хөдлөм, бартаат амьдралыг туулж, олон эзэнтэй учирсны эцэст өөрийн эдлэндээ буцаж ир... | ||
| 942 |
_2NNA _cBK |
||
| 999 |
_c895243 _d895300 |
||